Anatomie d'un fleuve # le Saint-Laurent - Statistiques

Statistiques générales
  • Ce quiz a été pris 31 fois
  • Le résultat moyen est 10 sur 20
Statistiques - réponses
Question Réponse % Correct
Ville la plus peuplée au bord du Saint-Laurent Montréal
100%
Deuxième plus grande ville Québec
100%
Navigateur qui utilisa le fleuve pour explorer le Canada Jacques Cartier
84%
Origine du fleuve Lac {Ontario}
76%
Etendue d'eau où se jette le Saint-Laurent Océan Atlantique
72%
Roi qui l'a missionné François Ier
68%
Type de navire utilisé pour permettre la navigation pendant les mois d'hiver Brise-glace
64%
Etat américain dont le Saint-Laurent forme la frontière avec le Canada New York
64%
Célèbre région québécoise bordant le Saint-Laurent à la fin de son parcours Gaspésie
48%
Nom des rapides et du canal qui les contourne et permet de rendre le fleuve navigable de bout en bout (non, ce n'est pas en Extrême-Orient !) Rapides et canal de La{chine}
48%
Type d'embouchure, la plus grande du monde dans son genre (370 km de long) Estuaire
44%
Nom du fleuve en anglais St. Lawrence
44%
Nom de la grande île située à l'embouchure du Saint-Laurent (non, ce n'est pas en Italie !) Anticosti
40%
Nom de l'île abritant le plus ancien phare du Saint-Laurent (oui, c'est une couleur !) Île {Verte}
36%
Principal affluent Rivière des {Outaouais}
36%
Mammifère marin présent près de l'embouchure, mis en danger par la pollution Béluga
32%
Lac qui délimite le début de l'embouchure du Saint-Laurent Lac Saint-{Pierre}
28%
Chocolatier français qui l'a achetée en 1895 pour en faire une réserve de chasse Henri Menier
16%
Ville où il apparaît (non, ce n'est pas aux Antilles !) Kingston
0%
En algonquin, le fleuve se nomme Magtogoek, ce qui signifie Le chemin qui {marche}
0%
Aucun quiz correspondant
Distribution des résultats
% des personnes avec chaque résultat
Percentile par nombre de réponses
Votre historique - résultats
Vous n’avez pas pris ce quiz